[Event "XIII Festival A"]
[Site "Trieste ITA"]
[Date "2011.09.03"]
[Round "1"]
[White "Bensch, Patrick"]
[Black "Erdos, Viktor"]
[WhiteElo "2175"]
[BlackElo "2608"]
[Result "0-1"]
[PlyCount "60"]
[EventDate "2011.09.03"]

1. e4 e5 2. Nf3 Nc6 3. Bb5 a6 4. Ba4 Nge7 5. Nc3 d6 6. O-O Bd7 7. d4 b5 8. Bb3
Nxd4 9. Nxd4 exd4 10. Nd5 c5 11. a4 c4 12. Bg5 cxb3 13. Qxd4 Nc6 14. Qe3 Be7
15. Nxe7 Nxe7 16. Qxb3 bxa4 17. Qg3 f6 18. Bf4 O-O 19. Bxd6 Rf7 20. Rfd1 Qe8
21. h4 Nc8 22. e5 Nxd6 23. exd6 Qe5 24. Qf3 Rc8 25. c3 Bc6 26. Qg4 f5 27. Qc4
Qb5 28. Qa2 Rb8 29. Rd2 Qb3 30. Qb1 a3 0-1

[Event "XIII Festival A"]
[Site "Trieste ITA"]
[Date "2011.09.03"]
[Round "1"]
[White "Castelfranchi, Carlo"]
[Black "Cebalo, Miso"]
[WhiteElo "2057"]
[BlackElo "2478"]
[Result "0-1"]
[PlyCount "72"]
[EventDate "2011.09.03"]

1. e4 c5 2. Nf3 Nc6 3. d4 cxd4 4. Nxd4 g6 5. Nc3 Bg7 6. Be3 Nf6 7. Nxc6 bxc6 8.
e5 Nd5 9. Nxd5 cxd5 10. Qxd5 Rb8 11. O-O-O Bb7 12. Qc5 O-O 13. f4 d6 14. Qxa7
Qc8 15. Qd4 dxe5 16. fxe5 Qc7 17. Qc5 Bc6 18. Bc4 Qb7 19. Bb3 Bxg2 20. Rhe1
Rfc8 21. Qd4 Qc7 22. Qd2 Qb7 23. Qd4 Be4 24. Rd2 e6 25. Bf4 Bf5 26. Kb1 h5 27.
h4 Bf8 28. Be3 Bb4 29. Red1 Bxd2 30. Rxd2 Qa6 31. Rf2 Rd8 32. Qc3 Rd1+ 33. Bc1
Rbd8 34. Bc4 Qb6 35. Qg3 Qd4 36. Be2 Rxc1+ 0-1

[Event "XIII Festival A"]
[Site "Trieste ITA"]
[Date "2011.09.03"]
[Round "1"]
[White "Ceschia, Ivano"]
[Black "Tonel, Giulia"]
[WhiteElo "2316"]
[BlackElo "1923"]
[Result "1-0"]
[PlyCount "43"]
[EventDate "2011.09.03"]

1. e4 d6 2. d4 Nf6 3. Nc3 g6 4. f3 Bg7 5. Be3 O-O 6. Qd2 e5 7. Nge2 Nc6 8.
O-O-O a5 9. d5 Nb4 10. a3 Na6 11. g4 Bd7 12. Ng3 Qe7 13. h4 Nc5 14. h5 b5 15.
g5 b4 16. Nb1 Ne8 17. Qh2 bxa3 18. Nxa3 f6 19. hxg6 hxg6 20. Qh7+ Kf7 21. Nf5
Qd8 22. Nh6+ 1-0

[Event "XIII Festival A"]
[Site "Trieste ITA"]
[Date "2011.09.03"]
[Round "1"]
[White "Chatalbashev, Boris"]
[Black "Hansen, Victor"]
[WhiteElo "2566"]
[BlackElo "2123"]
[Result "1-0"]
[PlyCount "77"]
[EventDate "2011.09.03"]

1. d4 d5 2. c4 c6 3. Nf3 Nf6 4. e3 a6 5. Bd3 dxc4 6. Bxc4 b5 7. Bd3 Bg4 8. a4
Nbd7 9. Nbd2 e6 10. O-O Be7 11. e4 Nc5 12. Bc2 Bxf3 13. Nxf3 Ncxe4 14. Ne5 Rc8
15. axb5 axb5 16. Ra6 c5 17. Bxe4 Nxe4 18. Qg4 Nd6 19. Nc6 Qd7 20. Qxg7 Rf8 21.
Nxe7 Qxe7 22. Bh6 Nf5 23. Qxf8+ Qxf8 24. Bxf8 Kxf8 25. dxc5 Rxc5 26. Rd1 Rc2
27. b3 Rb2 28. g3 Rxb3 29. Rd7 Nh6 30. Rb6 Ng4 31. h3 Ne5 32. Rdb7 Rf3 33. Kg2
Rf6 34. Rb8+ Ke7 35. Rxb5 Nd3 36. f4 e5 37. R5b7+ Ke6 38. Rb6+ Kf5 39. g4+ 1-0

[Event "XIII Festival A"]
[Site "Trieste ITA"]
[Date "2011.09.03"]
[Round "1"]
[White "Franca, Veronika"]
[Black "De Val, Daniele"]
[WhiteElo "1833"]
[BlackElo "2220"]
[Result "0-1"]
[PlyCount "76"]
[EventDate "2011.09.03"]

1. d4 e6 2. c4 f5 3. Nc3 Nf6 4. g3 d5 5. cxd5 exd5 6. Bg2 c6 7. Nf3 Bd6 8. O-O
O-O 9. e3 Nbd7 10. Rb1 Ne4 11. Nd2 Ndf6 12. f3 Nxd2 13. Bxd2 Bc7 14. b4 h5 15.
Be1 h4 16. Bf2 hxg3 17. hxg3 Nh5 18. f4 Nf6 19. Bf3 g5 20. Kg2 Rf7 21. Rg1 Rg7
22. Kf1 Kf7 23. Ke1 Ng4 24. Bxg4 fxg4 25. Kd2 Bf5 26. Rb2 Qe7 27. b5 Ba5 28.
bxc6 Bxc3+ 29. Kxc3 Rc8 30. Qb3 Qe4 31. Kd2 bxc6 32. Qa3 Kg8 33. fxg5 Rh7 34.
Qa6 Rh2 35. Ke1 Rxf2 36. Rxf2 Rb8 37. Rxf5 Qb1+ 38. Kd2 Rb2+ 0-1

[Event "XIII Festival A"]
[Site "Trieste ITA"]
[Date "2011.09.03"]
[Round "1"]
[White "Golod, Vitali"]
[Black "Martinsen, Stig K."]
[WhiteElo "2579"]
[BlackElo "2173"]
[Result "1-0"]
[PlyCount "123"]
[EventDate "2011.09.03"]

1. d4 d6 2. Nf3 g6 3. c4 f5 4. Nc3 Nf6 5. g3 Bg7 6. Bg2 O-O 7. O-O Qe8 8. d5 a5
9. Rb1 Na6 10. b3 h6 11. Nd4 Nc5 12. Bb2 Bd7 13. e3 Qf7 14. Qc2 Rfc8 15. Rbd1
a4 16. b4 a3 17. Bc1 Na4 18. Rd3 Nb6 19. Qb3 c6 20. Bxa3 Nxc4 21. Nc2 Ne5 22.
Rd2 cxd5 23. Nxd5 Be6 24. Rfd1 Nxd5 25. Rxd5 Rxc2 26. Qxc2 Rxa3 27. Ra5 Rxa2
28. Rxa2 Bxa2 29. Bxb7 Bc4 30. b5 Kh7 31. Qb1 Qe8 32. b6 Qb8 33. Bg2 Ba6 34. b7
Nd7 35. Qa2 Bxb7 36. Rb1 Qc8 37. Bxb7 Qe8 38. Bc6 Qc8 39. Bd5 Nc5 40. Qa7 Bf6
41. Rb8 Qa6 42. Qc7 h5 43. Qd8 Qa1+ 44. Kg2 Qe5 45. Qg8+ Kh6 46. h4 Bg7 47. Qf7
Qf6 48. Qe8 Qe5 49. Bf3 Qe6 50. Qb5 Bf6 51. Ra8 Qd7 52. Qc4 Qe6 53. Qf4+ Kh7
54. Qb4 Kh6 55. Ra7 Nd3 56. Qd2 Nc5 57. Bd5 Qc8 58. e4+ Kh7 59. Ra8 Qd7 60. Rf8
Nxe4 61. Rf7+ Bg7 62. Bxe4 1-0

[Event "XIII Festival A"]
[Site "Trieste ITA"]
[Date "2011.09.03"]
[Round "1"]
[White "Grigorov, Grigor"]
[Black "Butala, Marjan"]
[WhiteElo "2484"]
[BlackElo "2074"]
[Result "1-0"]
[PlyCount "93"]
[EventDate "2011.09.03"]

1. d4 Nf6 2. c4 c6 3. Nf3 g6 4. Nc3 Bg7 5. e4 O-O 6. Be2 d6 7. O-O Bg4 8. Be3
Bxf3 9. Bxf3 Nbd7 10. b4 a5 11. b5 e5 12. bxc6 bxc6 13. d5 c5 14. Rb1 a4 15.
Rb5 Nb6 16. Qd3 Nfd7 17. Bg4 Nf6 18. Bh3 Nh5 19. Rfb1 Ra6 20. Ne2 h6 21. Bd2
Nf4 22. Nxf4 exf4 23. Bxf4 Nd7 24. Bxd7 Qxd7 25. h3 Re8 26. Rb7 Qd8 27. Qf3 Qf6
28. Rd7 Re7 29. Rxe7 Qxe7 30. Rb8+ Kh7 31. Bd2 Ra7 32. Bf4 Ra6 33. Bg3 Bd4 34.
Kh2 h5 35. Bf4 Kg7 36. g3 Qc7 37. Rb5 Ra8 38. Kg2 Ra6 39. Bd2 Kh7 40. Bc3 Bg7
41. Bxg7 Kxg7 42. e5 dxe5 43. Qe3 Ra5 44. Rxa5 Qxa5 45. Qxe5+ Kf8 46. d6 Qa8+
47. Kg1 1-0

[Event "XIII Festival A"]
[Site "Trieste ITA"]
[Date "2011.09.03"]
[Round "1"]
[White "Khmelniker, Ilya"]
[Black "Fruehauf, Norbert"]
[WhiteElo "2518"]
[BlackElo "2078"]
[Result "1-0"]
[PlyCount "83"]
[EventDate "2011.09.03"]

1. d4 Nf6 2. c4 e6 3. Nf3 Bb4+ 4. Bd2 Qe7 5. g3 b6 6. Bg2 Bb7 7. O-O O-O 8. Bf4
Bd6 9. Bxd6 cxd6 10. d5 Na6 11. Nc3 Rfc8 12. Nd2 e5 13. Rc1 Nc7 14. e4 Rf8 15.
b4 Ba6 16. Re1 g6 17. Qb3 Kg7 18. Nd1 Ng4 19. h3 Nh6 20. Ne3 f5 21. exf5 gxf5
22. f4 Rae8 23. Qa3 Ra8 24. Nf3 Qf6 25. Red1 exf4 26. gxf4 Rfe8 27. Nd4 Re7 28.
Qd3 Rf8 29. b5 Bb7 30. Nf1 Kh8 31. Ng3 Qg6 32. Kh2 Ne8 33. Nf3 Ng7 34. Re1 Rfe8
35. Rxe7 Rxe7 36. Qa3 Nh5 37. Nxh5 Qxh5 38. Qxd6 Re2 39. Qf6+ Kg8 40. Qd8+ Kg7
41. Qxd7+ Nf7 42. Nd4 1-0

[Event "XIII Festival A"]
[Site "Trieste ITA"]
[Date "2011.09.03"]
[Round "1"]
[White "Kragelj, Igor"]
[Black "Baklan, Vladimir"]
[WhiteElo "2219"]
[BlackElo "2617"]
[Result "0-1"]
[PlyCount "70"]
[EventDate "2011.09.03"]

1. d4 Nf6 2. c4 g6 3. Nc3 Bg7 4. e4 d6 5. Nf3 O-O 6. Be2 Bg4 7. Be3 Nfd7 8. Rc1
a6 9. O-O c5 10. d5 Bxf3 11. Bxf3 b5 12. b3 b4 13. Na4 a5 14. Qd2 Ra6 15. Be2
e5 16. dxe6 fxe6 17. Rcd1 Qc8 18. f4 Nc6 19. e5 Rd8 20. Bg4 Nf8 21. Qf2 Nd4 22.
Bxd4 cxd4 23. Qxd4 Re8 24. Qe3 dxe5 25. fxe5 Nd7 26. c5 Nxe5 27. Be2 Ra7 28.
Nb6 Qc7 29. Rd6 Qe7 30. Rc1 Rc7 31. Bb5 Ng4 32. Qd2 Bh6 33. Qe2 Bxc1 34. Bxe8
Be3+ 35. Kh1 Qxd6 0-1

[Event "XIII Festival A"]
[Site "Trieste ITA"]
[Date "2011.09.03"]
[Round "1"]
[White "Laco, Giuseppe"]
[Black "Banusz, Tamas"]
[WhiteElo "2116"]
[BlackElo "2552"]
[Result "0-1"]
[PlyCount "64"]
[EventDate "2011.09.03"]

1. c4 e6 2. b3 d5 3. Bb2 Nf6 4. e3 Be7 5. f4 c5 6. Nf3 Nc6 7. Ne5 Bd7 8. Nxd7
Qxd7 9. Be2 O-O 10. d3 Rad8 11. a3 Ne8 12. Nd2 Bf6 13. Bxf6 Nxf6 14. g4 e5 15.
f5 e4 16. g5 exd3 17. gxf6 dxe2 18. Qxe2 Qxf5 19. Rf1 Qe5 20. O-O-O g6 21. cxd5
Rxd5 22. Nc4 Qa1+ 23. Kc2 Rxd1 24. Qxd1 Qa2+ 25. Kc3 b5 26. Nd6 b4+ 27. axb4
cxb4+ 28. Kc4 Na5+ 29. Kd5 Nxb3 30. Ke4 Nd2+ 31. Kf4 Nxf1 32. Kf3 Qxh2 0-1

[Event "XIII Festival A"]
[Site "Trieste ITA"]
[Date "2011.09.03"]
[Round "1"]
[White "Pasquotto, Mirko"]
[Black "Mocchi, Tullio"]
[WhiteElo "1899"]
[BlackElo "2259"]
[Result "0-1"]
[PlyCount "64"]
[EventDate "2011.09.03"]

1. d4 d5 2. c4 e6 3. Nc3 Nf6 4. Nf3 Be7 5. Bg5 Nbd7 6. e3 O-O 7. Rc1 c6 8. Bd3
dxc4 9. Bxc4 Nd5 10. Bxe7 Nxe7 11. O-O b6 12. a3 Bb7 13. b4 Ng6 14. Qb3 Qe7 15.
Rfd1 Nf6 16. a4 Rab8 17. e4 Rfd8 18. e5 Ne8 19. Qb2 c5 20. d5 cxb4 21. dxe6
fxe6 22. Ne2 Nc7 23. Nfd4 Nxe5 24. Bb3 Bd5 25. Nf4 Nf7 26. Re1 Bxb3 27. Nf5 Qg5
28. Rxc7 Qxf5 29. Qxb3 Qxf4 30. Rxa7 Rd2 31. Rf1 Qd6 32. Qf3 Rf8 0-1

[Event "XIII Festival A"]
[Site "Trieste ITA"]
[Date "2011.09.03"]
[Round "1"]
[White "Rossi, Carlo"]
[Black "Ivanovic, Andrej"]
[WhiteElo "2346"]
[BlackElo "2016"]
[Result "0-1"]
[PlyCount "130"]
[EventDate "2011.09.03"]

1. e4 e6 2. Nf3 c5 3. b4 cxb4 4. d4 d5 5. e5 Bd7 6. a3 Nc6 7. axb4 Bxb4+ 8. c3
Be7 9. Bd3 a6 10. h4 b5 11. Rh3 b4 12. h5 h6 13. Rg3 Bf8 14. c4 dxc4 15. Bxc4
Na5 16. Rxa5 Qxa5 17. d5 exd5 18. Bxd5 Ba4 19. Qd3 Rd8 20. Bxf7+ Ke7 21. Nd4
Rxd4 22. Qxd4 Kxf7 23. Rf3+ Ke8 24. Qa7 Ne7 25. e6 Qd5 26. Nd2 Qxe6+ 27. Re3
Qg4 28. Nf3 Qd7 29. Qb8+ Qd8 30. Qxd8+ Kxd8 31. Ne5 Be8 32. Rd3+ Kc8 33. Rd6
Kb7 34. Rd8 Bc6 35. Nf7 Rg8 36. Bf4 Nc8 37. Ne5 b3 38. Kd1 b2 39. Kc2 Be4+ 40.
Nd3 Bxd3+ 41. Rxd3 Be7 42. Rd7+ Kc6 43. Rc7+ Kb6 44. Kxb2 Rf8 45. Rc4 Bc5 46.
f3 Nd6 47. Ra4 Kb5 48. Kb3 Re8 49. Bd2 Re2 50. Ra5+ Kb6 51. Ra2 Kb7 52. g4 Be3
53. Bc3 Rxa2 54. Kxa2 Ne8 55. Be5 Bg5 56. Bd4 Kc6 57. Kb3 Kb5 58. Be5 Bf6 59.
Bb8 a5 60. Bg3 a4+ 61. Ka3 Be7+ 62. Ka2 Kc4 63. Be5 Bd6 64. Bb2 Nf6 65. Bc1 Kd3
0-1

[Event "XIII Festival A"]
[Site "Trieste ITA"]
[Date "2011.09.03"]
[Round "1"]
[White "Samuelli, Daniele"]
[Black "Narayanan, Srinath"]
[WhiteElo "1940"]
[BlackElo "2336"]
[Result "0-1"]
[PlyCount "98"]
[EventDate "2011.09.03"]

1. e4 c5 2. Nf3 d6 3. g3 g6 4. Bg2 Bg7 5. O-O Nc6 6. d3 Nf6 7. c3 O-O 8. Re1 e5
9. d4 exd4 10. cxd4 cxd4 11. Nxd4 Nxd4 12. Qxd4 Re8 13. Bg5 h6 14. Bxf6 Bxf6
15. Qd2 d5 16. Nc3 dxe4 17. Qxd8 Rxd8 18. Bxe4 Kg7 19. Rad1 Bg4 20. Rxd8 Rxd8
21. Kg2 Rd2 22. Nd5 Bxb2 23. Ne3 Be6 24. Bxb7 Bxa2 25. Ba6 Bd4 26. Kf3 Be6 27.
Re2 Rxe2 28. Kxe2 Kf6 29. Kd3 Bc5 30. Ke4 Ke7 31. f4 Bxe3 32. Kxe3 Kd6 33. Kd4
Kc6 34. Ke5 Kb6 35. Bd3 a5 36. Kf6 a4 37. h3 a3 38. Bb1 Kc5 39. g4 Kd4 40. f5
gxf5 41. gxf5 Bb3 42. h4 Kc3 43. Kg7 h5 44. Kh6 Kb2 45. Ba2 Bxa2 46. Kxh5 Bb3
47. Kg5 a2 48. h5 a1=Q 49. h6 Qc1+ 0-1

[Event "XIII Festival A"]
[Site "Trieste ITA"]
[Date "2011.09.03"]
[Round "1"]
[White "Schwarzmeier, Klaus"]
[Black "Mertens, Heiko"]
[WhiteElo "2020"]
[BlackElo "2354"]
[Result "1/2-1/2"]
[PlyCount "215"]
[EventDate "2011.09.03"]

1. c4 e5 2. g3 Nc6 3. Bg2 f5 4. Nc3 Nf6 5. Rb1 Bc5 6. d3 O-O 7. e3 Kh8 8. a3 a5
9. Nge2 Be7 10. O-O Qe8 11. Nd5 Bd8 12. b4 axb4 13. axb4 Nxd5 14. cxd5 Ne7 15.
Bb2 d6 16. f4 Ng6 17. Ra1 Rxa1 18. Qxa1 Bf6 19. e4 fxe4 20. dxe4 Qb5 21. fxe5
Nxe5 22. Nf4 g6 23. Bxe5 dxe5 24. Ne6 Bxe6 25. dxe6 Qb6+ 26. Kh1 Qxe6 27. Qc1
c6 28. h4 Be7 29. Rxf8+ Bxf8 30. b5 cxb5 31. Qf1 Bc5 32. Bh3 Qc6 33. Qf3 Kg7
34. Bf1 Bd4 35. h5 b4 36. Kh2 gxh5 37. Qxh5 Qxe4 38. Qg5+ Qg6 39. Qe7+ Qf7 40.
Qg5+ Qg6 41. Qe7+ Kh6 42. Qxb4 Qf6 43. Bg2 b6 44. Qc4 Kg7 45. Qc7+ Qf7 46. Qc6
h5 47. Bd5 Qf2+ 48. Kh3 Qf5+ 49. Kh2 Bc5 50. Be4 Qf2+ 51. Kh3 Qf1+ 52. Bg2 Qf6
53. Qd7+ Qf7 54. Qc6 Bg1 55. Bf3 Bc5 56. Bd5 Qf6 57. Qd7+ Kh6 58. Be4 Be7 59.
Qb7 h4 60. gxh4 Qxh4+ 61. Kg2 Qg4+ 62. Kf1 Qd1+ 63. Kg2 Qe2+ 64. Kh3 Qf1+ 65.
Kg4 Qf4+ 66. Kh3 Qe3+ 67. Kg4 Qg5+ 68. Kh3 Kg7 69. Kh2 b5 70. Bd5 b4 71. Kh1
Kh6 72. Bf3 Qf6 73. Kg2 Bd6 74. Be4 Kg5 75. Bf3 Bc5 76. Qd5 Bd4 77. Kg3 Qf4+
78. Kg2 Kh4 79. Qd8+ Qg5+ 80. Qxg5+ Kxg5 81. Bd5 Kf4 82. Kf1 Ke3 83. Ke1 Kd3
84. Kd1 Be3 85. Ba2 Kc3 86. Bb1 Kb2 87. Be4 Bf4 88. Bf5 b3 89. Be6 e4 90. Bd5
e3 91. Be6 Ka3 92. Bf5 Ka2 93. Be6 Bh6 94. Bd5 Kb2 95. Be6 Bf8 96. Ke2 Bc5 97.
Kd1 Ka3 98. Bf5 Bb4 99. Ke2 Bd2 100. Kd1 Kb4 101. Bg6 Kc3 102. Bf5 Kd4 103. Be6
Kd3 104. Bf5+ Kc3 105. Bg6 Kb2 106. Bf7 Bb4 107. Ke2 Bc5 108. Kd1 1/2-1/2

[Event "XIII Festival A"]
[Site "Trieste ITA"]
[Date "2011.09.03"]
[Round "1"]
[White "Spiesberger, Gerhard"]
[Black "Timoshenko, Georgy"]
[WhiteElo "2149"]
[BlackElo "2572"]
[Result "0-1"]
[PlyCount "80"]
[EventDate "2011.09.03"]

1. e4 c5 2. Nf3 d6 3. Bc4 Nf6 4. d3 Nc6 5. c3 a6 6. O-O g6 7. Re1 Bg7 8. Nbd2
O-O 9. Nf1 d5 10. exd5 Nxd5 11. Ng3 h6 12. Be3 Nxe3 13. fxe3 Bg4 14. d4 cxd4
15. exd4 Qb6 16. Qb3 Qa7 17. Kh1 Bxf3 18. gxf3 Na5 19. Qb4 Nxc4 20. Qxc4 b5 21.
Qb4 e6 22. a4 bxa4 23. Rxa4 Rfb8 24. Qc4 Rxb2 25. Rea1 Qe7 26. R4a2 Rab8 27.
Rxb2 Rxb2 28. Ra2 Rb1+ 29. Kg2 Qg5 30. Qxa6 h5 31. Qd3 Rc1 32. Qd2 Qxd2+ 33.
Rxd2 Bh6 34. Rd3 Rc2+ 35. Kg1 Kg7 36. Ne4 f5 37. Nf2 Bf4 38. h3 Kf6 39. d5 exd5
40. Rxd5 Be3 0-1

[Event "XIII Festival A"]
[Site "Trieste ITA"]
[Date "2011.09.03"]
[Round "1"]
[White "Srebrnic, Vojko"]
[Black "Bozza, Stefano"]
[WhiteElo "2244"]
[BlackElo "1833"]
[Result "1-0"]
[PlyCount "123"]
[EventDate "2011.09.03"]

1. e4 e5 2. Bc4 Nf6 3. d3 Bc5 4. Nc3 d6 5. Na4 Bb6 6. Nxb6 axb6 7. Bg5 h6 8.
Bh4 Be6 9. Bxe6 fxe6 10. Ne2 Nc6 11. f3 Qd7 12. O-O O-O-O 13. Bf2 g5 14. Qd2 d5
15. Qe1 Rdf8 16. Be3 g4 17. Ng3 Qg7 18. fxg4 Nxg4 19. c3 Rxf1+ 20. Nxf1 h5 21.
Rd1 Rg8 22. Rd2 d4 23. cxd4 exd4 24. Bf4 Nge5 25. Qf2 Qg4 26. Qg3 h4 27. Qxg4
Rxg4 28. Bxe5 Nxe5 29. Kf2 Rf4+ 30. Ke2 h3 31. gxh3 Rf3 32. Ng3 Re3+ 33. Kf1
Nxd3 34. h4 c5 35. h5 c4 36. h6 Rf3+ 37. Kg2 Rf7 38. Kh3 Rh7 39. Kg4 Rxh6 40.
Kg5 Rh3 41. e5 Nxe5 42. Kf4 Nc6 43. Kg4 Rh7 44. h4 Rg7+ 45. Kh3 b5 46. a3 d3
47. h5 Nd4 48. Ne4 Nf3 49. Rf2 Nd4 50. Rg2 Rh7 51. Rg8+ Kc7 52. Kg4 Nf5 53. Kg5
Ne7 54. Re8 Nf5 55. Rg8 Ng3 56. Kg6 Rxh5 57. Nxg3 d2 58. Nxh5 d1=Q 59. Nf6 Qc2+
60. Kf7 Qxb2 61. Kxe6 c3 62. Nd5+ 1-0

[Event "XIII Festival A"]
[Site "Trieste ITA"]
[Date "2011.09.03"]
[Round "1"]
[White "Volkov, Sergey"]
[Black "Gikas, Andreas Basilius"]
[WhiteElo "2614"]
[BlackElo "2192"]
[Result "1-0"]
[PlyCount "57"]
[EventDate "2011.09.03"]

1. d4 d5 2. c4 c6 3. Nf3 Nf6 4. e3 Bg4 5. Nc3 e6 6. Qb3 Qb6 7. Nh4 Be7 8. h3
Bh5 9. Bd2 Ne4 10. Nxe4 dxe4 11. g4 Bxh4 12. gxh5 Nd7 13. Rg1 h6 14. Rg4 Bg5
15. Rxe4 Nf6 16. Re5 Qxb3 17. axb3 b6 18. Bg2 Kd7 19. b4 a6 20. Ke2 Kc7 21. f4
Bh4 22. d5 Nd7 23. Re4 c5 24. f5 Bg5 25. dxe6 Nf6 26. Re5 Kd6 27. Bc3 Ra7 28.
bxc5+ bxc5 29. exf7 1-0

[Event "XIII Festival A"]
[Site "Trieste ITA"]
[Date "2011.09.04"]
[Round "2"]
[White "Baklan, Vladimir"]
[Black "Grigorov, Grigor"]
[WhiteElo "2617"]
[BlackElo "2484"]
[Result "1/2-1/2"]
[PlyCount "60"]
[EventDate "2011.09.03"]

1. e4 c5 2. Nf3 d6 3. d4 cxd4 4. Nxd4 Nf6 5. Nc3 a6 6. h3 e5 7. Nde2 h5 8. Bg5
Be7 9. Bxf6 Bxf6 10. Nd5 Nc6 11. Nec3 Bg5 12. Na4 Be6 13. Nab6 Rb8 14. c3 Ne7
15. Qa4+ Kf8 16. Rd1 Nxd5 17. Nxd5 g6 18. Be2 Kg7 19. O-O Rf8 20. Rd3 f5 21.
Bf3 Rc8 22. Qd1 f4 23. a4 Rf7 24. Qe2 Be7 25. Ra1 Bf8 26. a5 Qh4 27. Rad1 Kh6
28. Qe1 Qg5 29. Kf1 Qh4 30. Kg1 Qg5 1/2-1/2

[Event "XIII Festival A"]
[Site "Trieste ITA"]
[Date "2011.09.04"]
[Round "2"]
[White "Bozza, Stefano"]
[Black "Milazzo, Mario"]
[WhiteElo "1833"]
[BlackElo "2077"]
[Result "1/2-1/2"]
[PlyCount "89"]
[EventDate "2011.09.03"]

1. e4 e5 2. Nf3 Nc6 3. Bc4 Nf6 4. Ng5 d5 5. exd5 b5 6. Bf1 Qxd5 7. Nc3 Qd7 8.
Bxb5 h6 9. Nf3 Bd6 10. d4 exd4 11. Nxd4 Bb7 12. Bxc6 Bxc6 13. Nxc6 Qxc6 14.
Qe2+ Kd7 15. O-O Rhe8 16. Qb5 Rab8 17. Qxc6+ Kxc6 18. Rb1 Be5 19. Be3 a6 20. h3
Bxc3 21. bxc3 Nd5 22. Bd4 g6 23. Rfd1 Rxb1 24. Rxb1 Re2 25. Rc1 Kd6 26. Kf1 Re8
27. Rd1 Kc6 28. Rb1 h5 29. g3 f5 30. Re1 Rxe1+ 31. Kxe1 Kb5 32. Kd2 Kc4 33. Be5
c6 34. h4 a5 35. a4 Nb6 36. Bc7 Nxa4 37. Bxa5 Nc5 38. f3 Ne6 39. Bb6 c5 40. Ba7
Nc7 41. Bb8 Ne6 42. Bf4 Nd8 43. Bc7 Nc6 44. Bd6 Kd5 45. Bf4 1/2-1/2

[Event "XIII Festival A"]
[Site "Trieste ITA"]
[Date "2011.09.04"]
[Round "2"]
[White "Butala, Marjan"]
[Black "Bensch, Patrick"]
[WhiteElo "2074"]
[BlackElo "2175"]
[Result "0-1"]
[PlyCount "100"]
[EventDate "2011.09.03"]

1. c4 Nf6 2. Nf3 g6 3. g3 Bg7 4. Bg2 d5 5. O-O O-O 6. Na3 c6 7. d3 Re8 8. Rb1
e5 9. b4 e4 10. Nd4 Ng4 11. dxe4 dxe4 12. e3 a5 13. b5 c5 14. Ne2 f5 15. Nf4
Nf6 16. Bb2 Nbd7 17. Qd6 Qe7 18. Rfd1 Qxd6 19. Rxd6 Kf7 20. h4 Bf8 21. Rxf6+
Nxf6 22. Bxf6 Kxf6 23. Nd5+ Kf7 24. Nc7 Rb8 25. Nxe8 Kxe8 26. f3 exf3 27. Bxf3
Bd6 28. Kf2 b6 29. Rd1 Ke7 30. Nb1 Be5 31. Rd3 Be6 32. Bd5 Rd8 33. Nd2 h6 34.
Kg2 g5 35. hxg5 hxg5 36. Kf2 Kf6 37. Kg2 Rd7 38. Kf2 g4 39. Kg2 Bc7 40. Kf2 Ke5
41. e4 fxe4 42. Bxe4 Rxd3 43. Bxd3 Kd4 44. Be2 a4 45. a3 Kc3 46. Ke3 Kb2 47.
Ne4 Kxa3 48. Nc3 Bxg3 49. Bd1 Bxc4 50. Nxa4 Bc7 0-1

[Event "XIII Festival A"]
[Site "Trieste ITA"]
[Date "2011.09.04"]
[Round "2"]
[White "Cebalo, Miso"]
[Black "Volkov, Sergey"]
[WhiteElo "2478"]
[BlackElo "2614"]
[Result "0-1"]
[PlyCount "86"]
[EventDate "2011.09.03"]

1. c4 e5 2. g3 g6 3. b3 Bg7 4. Bb2 Nc6 5. Bg2 d6 6. Nc3 f5 7. d3 Nf6 8. e3 O-O
9. Nge2 Ne7 10. d4 c6 11. dxe5 dxe5 12. Ba3 Qxd1+ 13. Rxd1 Re8 14. e4 f4 15.
gxf4 exf4 16. Nxf4 Nf5 17. O-O Nh4 18. f3 g5 19. Nfe2 Nd7 20. Bc1 h6 21. f4
gxf4 22. Bxf4 Ne5 23. h3 Be6 24. Bg3 Nxg2 25. Kxg2 Bf7 26. Rd6 a6 27. Nd4 b5
28. c5 Bf8 29. Nf5 Bxd6 30. Nxd6 Re6 31. Rf5 Rxd6 32. cxd6 Nd7 33. Bh4 a5 34.
Be7 a4 35. b4 a3 36. Kf2 Be6 37. Rf3 Ne5 38. Rg3+ Kf7 39. Ke3 c5 40. Nxb5 cxb4
41. Kd4 Ra5 42. Nc7 b3 43. Nxe6 bxa2 0-1

[Event "XIII Festival A"]
[Site "Trieste ITA"]
[Date "2011.09.04"]
[Round "2"]
[White "De Val, Daniele"]
[Black "Khmelniker, Ilya"]
[WhiteElo "2220"]
[BlackElo "2518"]
[Result "0-1"]
[PlyCount "50"]
[EventDate "2011.09.03"]

1. c4 Nf6 2. g3 e5 3. Bg2 Nc6 4. Nc3 g6 5. e4 Bg7 6. Nge2 d6 7. d3 Nd7 8. Be3
Nc5 9. Nb5 a6 10. Na3 O-O 11. O-O f5 12. Qd2 Be6 13. exf5 Bxf5 14. d4 Ne4 15.
Qd1 Nf6 16. dxe5 Nxe5 17. Nd4 Bg4 18. Qb3 c5 19. f4 cxd4 20. fxe5 dxe5 21. c5+
Kh8 22. Bxb7 dxe3 23. Bxa8 Qxa8 24. Qxe3 Bh3 25. Rf2 Ng4 0-1

[Event "XIII Festival A"]
[Site "Trieste ITA"]
[Date "2011.09.04"]
[Round "2"]
[White "Fruehauf, Norbert"]
[Black "Franca, Veronika"]
[WhiteElo "2078"]
[BlackElo "1833"]
[Result "1/2-1/2"]
[PlyCount "89"]
[EventDate "2011.09.03"]

1. e4 c5 2. c3 d5 3. exd5 Qxd5 4. d4 Nf6 5. Nf3 e6 6. Be2 Be7 7. O-O O-O 8.
dxc5 Qxd1 9. Rxd1 Bxc5 10. Bf4 a5 11. Nbd2 Nc6 12. Nf1 b6 13. Bb5 Na7 14. Ba4
b5 15. Bc2 Bb7 16. Ne5 Rfd8 17. Bg5 Nc6 18. Nf3 h6 19. Be3 Bxe3 20. Nxe3 Kf8
21. a3 Ke7 22. Ne1 Rxd1 23. Rxd1 Rd8 24. f3 Rxd1 25. Bxd1 Kd6 26. Kf2 Nd5 27.
Nd3 Nxe3 28. Kxe3 Ne5 29. Nxe5 Kxe5 30. f4+ Kd6 31. g3 e5 32. b4 axb4 33. axb4
Bc6 34. Be2 Bd7 35. c4 bxc4 36. Bxc4 exf4+ 37. gxf4 f6 38. Bf7 g5 39. Ke4 f5+
40. Ke3 Be6 41. Bh5 Kc6 42. Be2 Kd5 43. Bd3 Bd7 44. Ba6 Be6 45. Bd3 1/2-1/2

[Event "XIII Festival A"]
[Site "Trieste ITA"]
[Date "2011.09.04"]
[Round "2"]
[White "Gikas, Andreas Basilius"]
[Black "Castelfranchi, Carlo"]
[WhiteElo "2192"]
[BlackElo "2057"]
[Result "1-0"]
[PlyCount "37"]
[EventDate "2011.09.03"]

1. e4 Nf6 2. e5 Nd5 3. Nc3 Nxc3 4. dxc3 d6 5. Bc4 Nc6 6. Nf3 e6 7. Bf4 Be7 8.
Qe2 Bd7 9. O-O-O d5 10. Bd3 g5 11. Bd2 Na5 12. Kb1 c5 13. c4 b5 14. cxd5 exd5
15. Bxb5 Nc4 16. Bxc4 dxc4 17. e6 fxe6 18. Ne5 Qb6 19. Nxd7 1-0

[Event "XIII Festival A"]
[Site "Trieste ITA"]
[Date "2011.09.04"]
[Round "2"]
[White "Hansen, Victor"]
[Black "Pasquotto, Mirko"]
[WhiteElo "2123"]
[BlackElo "1899"]
[Result "1-0"]
[PlyCount "77"]
[EventDate "2011.09.03"]

1. d4 Nf6 2. c4 g6 3. Nc3 Bg7 4. Nf3 O-O 5. e3 d6 6. Bd3 Nbd7 7. O-O e5 8. d5
a5 9. a3 Nc5 10. Bc2 Bd7 11. b3 Nh5 12. Rb1 Bg4 13. b4 axb4 14. axb4 Nd7 15. h3
Bxf3 16. Qxf3 f5 17. e4 fxe4 18. Qd1 Nf4 19. Nxe4 Nf6 20. Ng5 N6h5 21. Bxf4
Nxf4 22. Ne6 Nxe6 23. dxe6 Qe7 24. Be4 c6 25. b5 Rf4 26. Qd3 d5 27. cxd5 Rd8
28. bxc6 bxc6 29. g3 Rxe4 30. Qxe4 cxd5 31. Qg4 Rd6 32. Rb8+ Bf8 33. Rc1 Rxe6
34. Rcc8 Rf6 35. Qg5 Qd6 36. Rd8 Qe6 37. Re8 Rf5 38. Rxe6 Rxg5 39. Rf6 1-0

[Event "XIII Festival A"]
[Site "Trieste ITA"]
[Date "2011.09.04"]
[Round "2"]
[White "Martinsen, Stig K."]
[Black "Samuelli, Daniele"]
[WhiteElo "2173"]
[BlackElo "1940"]
[Result "1-0"]
[PlyCount "121"]
[EventDate "2011.09.03"]

1. d4 e6 2. c4 f5 3. g3 Nf6 4. Bg2 Bb4+ 5. Nd2 c5 6. a3 Qa5 7. Ngf3 Ne4 8. O-O
Bxd2 9. Nxd2 Nf6 10. Nb3 Qb6 11. Nxc5 d6 12. Na4 Qa6 13. b3 Bd7 14. Nc3 O-O 15.
Bb2 Be8 16. e4 fxe4 17. Nxe4 Nbd7 18. Ng5 d5 19. Re1 Bh5 20. Qc2 Rae8 21. Bh3
Bg6 22. Qe2 Ne4 23. Nxe4 Bxe4 24. cxd5 Qxe2 25. Rxe2 Bxd5 26. Rc1 Nf6 27. Rc7
Rf7 28. Rxf7 Kxf7 29. Bg2 Bxb3 30. Bxb7 Rb8 31. Ba6 Bd5 32. Bd3 Rb3 33. Bb1 Bf3
34. Rd2 Ne4 35. Rd3 Rxb2 36. Rxf3+ Nf6 37. Bd3 Ke7 38. Bc4 Kd6 39. Rd3 Nd5 40.
Rb3 Rd2 41. Bxd5 exd5 42. Rb7 a5 43. Rb6+ Kc7 44. Rb5 Rxd4 45. Rxa5 Rd1+ 46.
Kg2 Kb6 47. Ra8 Ra1 48. Rg8 g6 49. Rg7 Rxa3 50. Rxh7 Kc5 51. Rc7+ Kd4 52. Rc1
Rc3 53. Rd1+ Rd3 54. Ra1 Kc3 55. Kf1 d4 56. Ke1 Kb2 57. Ke2 Rc3 58. Rd1 Rc2+
59. Kd3 Rxf2 60. Rd2+ Rxd2+ 61. Kxd2 1-0